000 00479nam a22001817a 4500
003 CEME
005 20210628202500.0
008 210121b xxu||||| |||| 00| 0 eng d
020 _a81-7371-218-2
040 _cceme
082 _a658 MAR
100 _aMartin, David
_960089
245 _aTough talking ,how to handle awkward situations
260 _aNEW DELHI
_bUNIVERSITIES PRESS
_c1999
300 _aXIII,224P
650 _aMANAGEMENT SOLUTIONS.
_960090
942 _cBK
_2ddc
999 _c569913
_d569913